| 000 | 00925cam a22002897a 4500 | ||
|---|---|---|---|
| 003 | CHAP | ||
| 005 | 20220329134329.0 | ||
| 008 | 971013s1973 r 00010 d | ||
| 010 | _a18875 | ||
| 011 | _a19847 | ||
| 035 | _a23932 | ||
| 040 | _cCHAP | ||
| 090 | _aFolleto 1940 | ||
| 100 | 0 | 0 |
_aDíaz Avelar, Javier. _933366 |
| 245 | 1 | 3 | _aLa poda del durazno |
| 260 |
_aMéxico, D.F. : _bFondo de Garantía y Fomento para la Agriculltura, Ganadería y Apicultura, _c1973 |
||
| 300 |
_a42 p. _b: ilus. |
||
| 590 |
_aBATCH-UPD _b10 _c20130110 _lUCH01 _h2141 |
||
| 590 |
_aBATCH-UPD _b10 _c20130410 _lUCH01 _h1450 |
||
| 590 |
_aBATCH-UPD _b10 _c20130914 _lUCH01 _h1225 |
||
| 590 |
_aCONVERSION _b10 _c20130109 _lUCH01 _h1311 |
||
| 650 | 1 | 4 |
_aDurazno _xPoda. _934621 |
| 901 | _aBK | ||
| 942 | _cFOLL | ||
| 949 |
_aFolleto 1940 _bBC _cFOLL _d-55428 _eTS1 _i23932 _si |
||
| 949 |
_aFolleto 1940 _bBC _cFOLL _d33724000601332 _eTS2 _fc.2 _i23932 _si |
||
| 999 |
_c18875 _d18875 |
||